[Event "RSA-chT U20"]
[Site "Boksburg"]
[Date "2020.01.04"]
[Round "1.4"]
[White "Ndlovu Vermaak, Akhiro"]
[Black "Willenberg, Tristan"]
[Result "0-1"]
[WhiteElo "1013"]
[BlackElo "1379"]
[PlyCount "98"]
[EventDate "2020.01.04"]
[EventType "team-tourn"]
[EventRounds "7"]
[EventCountry "RSA"]
[SourceTitle "CBM 194 Extra"]
[Source "ChessBase"]
[SourceDate "2020.03.31"]
[SourceVersion "1"]
[SourceVersionDate "2020.03.31"]
[SourceQuality "1"]
[WhiteTeam "Eden District U20"]
[BlackTeam "Western Province U20"]
[WhiteTeamCountry "RSA"]
[BlackTeamCountry "RSA"]

1. e4 e6 2. Nc3 d5 3. d3 Nf6 4. Bg5 Be7 5. Bf4 a6 6. e5 Nfd7 7. d4 c5 8. Be3 Nc6 9. Nf3 b5 10. a3 Qb6 11. dxc5 Bxc5 12. Bxc5 Qxc5 13. a4 b4 14. Bb5 bxc3 15. Bxc6 Qxc6 16. Nd4 Qc7 17. b3 Qxe5+ 18. Kf1 Bb7 19. b4 Nf6 20. Qf3 Qxd4 21. Rb1 Ne4 22. Kg1 Qf6 23. Qe3 d4 24. Qe2 Qg6 25. f3 Nd2 26. Re1 Nxf3+ 27. Kf2 Nxe1 28. Rg1 Qxc2 29. Rxe1 Qxe2+ 30. Kxe2 0-0 31. Kd3 Rfd8 32. g4 Rac8 33. h4 c2 34. Rc1 Rc3+ 35. Kd2 Rdc8 36. b5 a5 37. h5 Bf3 38. h6 Bxg4 39. b6 Bf3 40. Ke1 d3 41. Kd2 Rb3 42. Rf1 Rb1 43. Rxf3 c1Q+ 44. Kxd3 Rb3+ 45. Ke4 Rc4+ 46. Ke5 Qg5+ 47. Kd6 Rxb6+ 48. Kd7 Qd5+ 49. Ke7 Rc7+ 0-1